FINANCIAL MANAGEMENT (Record no. 21302)

MARC details
000 -LEADER
fixed length control field 00249nam a22001217a 4500
003 - CONTROL NUMBER IDENTIFIER
control field SGT
082 ## - DEWEY DECIMAL CLASSIFICATION NUMBER
Item number PAN
100 ## - MAIN ENTRY--PERSONAL NAME
Personal name PANDEY, I.M.
245 ## - TITLE STATEMENT
Title FINANCIAL MANAGEMENT
260 ## - PUBLICATION, DISTRIBUTION, ETC. (IMPRINT)
Place of publication, distribution, etc DELHI
Name of publisher, distributor, etc VIKASH PUB.
Year of Publication 2004
300 ## - PAGE DESCRIPTION
No. of Pages 1226
942 ## - ADDED ENTRY ELEMENTS (KOHA)
Source of classification or shelving scheme Dewey Decimal Classification
Koha item type Books
942 ## - ADDED ENTRY ELEMENTS (KOHA)
-- 2
Holdings
Withdrawn status Lost status Source of classification or shelving scheme Damaged status Not for loan Home library Current library Date acquired SGTU Total Checkouts Full call number Accession No. (Barcode) Date last seen Date last borrowed Bill Date Koha item type
    Dewey Decimal Classification     SGT Science & Social Sciences Library SGT Science & Social Sciences Library 25/05/2021 SGTU 2 PAN CM6170 02/01/2024 13/12/2023 25/05/2021 Books